00699cam a2200217 a 450000100060000000300080000600500170001400800410003102000280007202000220010003500190012204000290014104100080017008200270017810000320020524500690023726000450030630000340035150400410038565100550042640810BD-RjUL20211209053300.0160510s1989 coua b 001 0 eng  a0813309360 (alk. paper) a0813309352 (pbk.) a(BD-RjUL)40925 aDLCd(BD-RjUL)cDLCbeng aeng00a320.973bROG 1989 2201 aRobinson, Donald L.,d1936-10aGovernment for the Third American Century /cDonald L. Robinson. aBoulder, Colo. :bWestview Press,c1989. axvi, 204 p. :bill. ;c24 cm. aIncludes bibliographical references. 0aUnited StatesxPolitics and governmenty1945-1989.